000 01490nam a2200457 i 4500
001 19989
003 KOSZ 005
005 20190829135815.0
008 000114s1981 pl a f f |000 0 pol d
015 _aPB 1981/6729
020 _a8320601193
035 _a991012669769705066
035 _a(PL-WaBN)b13425523-48omnis_nlop
035 _ab13425523
035 _a(OCoLC)830942561
035 _a(PL)b0000001342552
035 _a(EXLNZ-48OMNIS_NETWORK)9910470937405606
040 _aWA N
_cWA N
_dKOSZ 005/HR
046 _k1981
080 _a621.38
080 _a(083)
245 0 0 _aPoradnik konstruktora sprzętu elektronicznego :
_bpraca zbiorowa /
_cpod kier. Stanisława Stępnia.
260 _aWarszawa :
_bWydaw-a Komunikacji i Łączności,
_c1981.
300 _a484 s. :
_bil., tab., wykr., err. ;
_c25 cm.
336 _2rdacontent
_aTekst
_btxt
337 _2rdamedia
_aBez urządzenia pośredniczącego
_bn
338 _2rdacarrier
_aWolumin
_bnc
380 _aKsiążki
380 _aPoradniki i przewodniki
388 _a1901-2000
388 _a1945-1989
504 _aBibliogr. przy rozdz.
658 _aInżynieria i technika
650 7 _aElektronika
_2DBN
650 7 _aBudowa i konstrukcje
650 7 _aUrządzenia
700 1 _aStępień, Stanisław
_eOpracowanie
856 _uhttp://koha.tu.koszalin.pl/cgi-bin/koha/opac-detail.pl?biblionumber=19989
_yKatalog online BPK
942 _2UKD
_cKS
999 _c19989
_d19989